000 00851cam a22002051 4500
001 sa 64007496
003 DLC
005 20260227112047.0
008 890529q io b 000 0 ind
010 _asa 64007496
035 _a(OCoLC)23566256
040 _aDLC
_cMiU
_dDLC
042 _apremarc
050 0 0 _aQB223
_b.I55
110 1 _aIndonesia.
_bDepartemen Penerangan
245 1 0 _aPembagian wilajah Republik Indonesia mendjadi 3 wilajah-waktu dengan 3 waktu tolok.
_bKeputusan Presiden R. I. no. 243 tahun 1963 beserta lampiran-lampiran, pidato-radio Menteri Perhubungan Udara pada tanggal 19 Desember 1963 dan pendjelasan Departemen Penerangan berdasarkan laporan Panitia Penentuan Waktu, Departemen Perhubungan Udara.
260 _a[Djakarta,
_ccover 1963]
300 _a12 p.
_bfold. map.
_c21 cm.
650 0 _aTime
_xSystems and standards
999 _c60293
_d60293